banner-ar

ANIMAL KINGDOMS (Record no. 4684)

MARC details
000 -الفاتح
حقل البيانات ثابتة الطول 00502nam a2200181Ia 4500
008 - عناصر البيانات ثابتة الطول - معلومات عامة
حقل البيانات ثابتة الطول 140319s9999 xx 000 0 eng d
020 ## - الرقم الدولى المعيارى للكتب
الرقم الدولى المعيارى للكتاب 0792227344
040 ## - مصدر الفهرسة
وكالة الفهرسة الأصلية GCL /
وكالة النسخ GCL
082 04 - رقم تصنيف ديوى العشرى
رقم التصنيف 591.5
رقم المادة B A
245 10 - بيان العنوان
العنوان ANIMAL KINGDOMS
260 ## - PUBLICATION, DISTRIBUTION, ETC. (IMPRINT)
تاريخ النشر أو التوزيع 1995
300 ## - الوصف المادى
التعداد 200 P
تفاصيل ماديه اخرى للوعاء ILLS. ؛
أبعاد الوعاء 26 cm.
650 04 - المدخل الاضافى بالموضوع-مصطلح موضوعى
مصطلح موضوعي WILDLIFE REFUGES
650 04 - المدخل الاضافى بالموضوع-مصطلح موضوعى
مصطلح موضوعي NATIONAL PARKS AND RESERVES
650 04 - المدخل الاضافى بالموضوع-مصطلح موضوعى
مصطلح موضوعي WILDLIFE REFUGES - POLITICAL WORKS
942 ## - عناصر المدخل الإضافي( كوها)
مصدر التصنيف او مخطط الترفيف Dewey Decimal Classification
Koha [default] item type كتاب
260 ## - PUBLICATION, DISTRIBUTION, ETC. (IMPRINT)
-- نيويورك :
-- NATIONAL GEOGRAPHIC SOCIETY ،
Holdings
حالة التراجع حالة الفقد حالة تلف ليس للاعارة المكان المؤقت الموقع الحالى تاريخ الاكتساب اجمالي اﻻعارات رقم الطلب الباركود تاريخ اخر مشاهدة تاريخ تفعيل السعر نوع وعاء كوها
        مكتبة القاهرة الكبرى مكتبة القاهرة الكبرى 03/26/2014   591.5\B A 10548 03/26/2014 03/26/2014 كتاب

Powered By

EGPV